| 000 | 01003nam a2200277Ia 4500 | ||
|---|---|---|---|
| 003 | OSt | ||
| 005 | 20220923211215.0 | ||
| 006 | a|||||r|||| 00| 0 | ||
| 007 | ta | ||
| 008 | 220922b |||||||| |||| 00| 0 hin d | ||
| 020 |
_a9788126330133 (hbk) _c160 |
||
| 024 | _a284,899 | ||
| 037 |
_b30, 14/03/2015, P. K. Books _cTextual |
||
| 040 |
_aARTS _cARTS _bhin |
||
| 041 |
_2hin _ahin |
||
| 082 | _aO152,1N6210x, Q1 | ||
| 100 |
_aमालवीय, यश _9159648 |
||
| 245 | 0 | _aबुद्ध मुस्कुराये | |
| 246 | _aBuddha muskurāye | ||
| 260 |
_aनयी दिल्ली _b भारतीय ज्ञानपीठ _c2011 |
||
| 300 |
_a159पृ. _ccm. |
||
| 490 | _aलोकोदय ग्रन्थमाला; ग्रन्थांक 1081 | ||
| 650 |
_aहिन्दी साहित्य _9156264 |
||
| 942 |
_hO152,1N6210x, Q1 _cTEXL _2CC |
||
| 999 |
_c296880 _d296880 |
||